LDR 00664naa#a2200181#i#450# 001 EN\INFRA-M\bibl\122154 005 20260603112416.3 011 ## _a2500-3305 100 ## _a20260227b2026####ek#y0engy0150####ca 102 ## _aRU 200 1# _aFederal educational program: 
requirements for the content of universal 
learning activities and methods of mastering them _eJournal article 210 1# _aMoscow _cINFRA-M Academic Publishing LLC. _d2026 215 ## _a7 с. 608 ## _aJournal article _2local 675 ## _aФормирование и развитие личности. 37.032 _z 700 #1 _aL'vova _gE. V. 700 #1 _aVorovschikov _gSergey Georgievich 856 4# _anaukaru.ru _u